| 000 | 00639cam a2200193 4500 | ||
|---|---|---|---|
| 020 | _a0070272786 | ||
| 082 | 0 | 0 |
_a624 _bHAN |
| 100 |
_aHavers, Hohn A. _947252 |
||
| 245 | 0 | 0 |
_aHandbook of heavy construction. _cEdited by John A. Havers and Frank W. Stubbs, Jr. |
| 250 | _a2d ed. | ||
| 260 |
_aNew York, _bMcGraw-Hill _c[1971] |
||
| 300 |
_a1 v. (various pagings) _billus. _c24 cm. |
||
| 500 | _aFirst ed. edited by F. W. Stubbs, Jr. | ||
| 526 |
_a0 _b0 _c0 _d624_000000000000000_HAN |
||
| 650 | 0 |
_aEngineering _xHandbooks, manuals, etc. _947139 |
|
| 700 | 1 |
_aHavers, John A. _947253 |
|
| 700 | 1 |
_aStubbs, Frank W. _947254 |
|
| 942 |
_2ddc _cBK |
||
| 999 |
_c550554 _d550554 |
||